000 01244cam a22002891i 4500
003 SA-RiAUC
005 20250208072637.0
008 250205s1998 ua g b 00000dara c
020 _a9775819210
040 _aSA-JeALM
_bara
_cSA-RiAUC
_erda
082 0 4 _a920.99
_qSA-RiAUC
090 _a920.99
_bش ا ف
100 1 _aشافعي، لمياء أحمد عبد الله
_eمؤلف.
245 1 0 _aابن حجر الهيتمي المكي وجهوده في الكتابة التاريخية /
_cتأليف لمياء أحمد عبد الله شافعي.
250 _aالطبعة الأولى.
264 1 _aالقاهرة :
_bمكتبة ومطبعة الغد،
_c1998
300 _a480 صفحة ؛
_c24 سم
336 _aنص
_btxt
_2rdacontent
_3كتاب
337 _aبدون وسيط
_bn
_2rdamedia
338 _aمجلد
_bnc
_2rdacarrier
500 _aاهداء من الؤلفة لمياء شافعي بتاريخ 1 / 11 / 1425 هـ
504 _aببليوجرافية : صفحة 453-476.
600 1 7 _aابن حجر الهيتمي، أحمد بن محمد بن علي،
_d909-974 هجري
_2aucnm
650 7 _aالمؤرخون العرب
_vتراجم
_2aucsh
942 _2ddc
_cBOOK
_n0
949 _aSA-JeALM
_d250205
_uosman123
_n1
999 _c5734
_d5734